Monsieur (Monsieur Madame) - Statistiques

Statistiques générales
  • Ce quiz a été pris 15 fois
  • Le résultat moyen est 9 sur 51
Statistiques - réponses
numéro Réponse % Correct
1 Chatouille
100%
4 Glouton
33%
9 Nigaud
33%
10 Rêve
33%
11 Bagarreur
25%
6 Costaud
25%
8 Curieux
25%
3 Farceur
25%
46 Gentil
25%
43 Grand
25%
7 Grognon
25%
34 Lent
25%
33 Malchance
25%
49 Personne
25%
2 Rapide
25%
5 Rigolo
25%
16 à l'envers
17%
45 Atchoum
17%
42 Bavard
17%
41 Bing
17%
44 Courageux
17%
39 Etourdi
17%
32 Farfelu
17%
48 Genial
17%
14 Heureux
17%
38 Joyeux
17%
37 Maladroit
17%
47 Mal élevé
17%
18 Meli Melo
17%
35 Neige
17%
13 Non
17%
17 Parfait
17%
22 Sale
17%
21 Avare
8%
51 Aventure
8%
36 Bizarre
8%
19 Bruit
8%
28 Endormi
8%
31 Etonnant
8%
50 Formidable
8%
29 Grincheux
8%
15 Incroyable
8%
12 Inquiet
8%
25 Maigre
8%
26 Malin
8%
27 Mal Poli
8%
40 Petit
8%
30 Peureux
8%
23 Préssé
8%
20 Silence
8%
24 Tatillon
8%
Aucun quiz correspondant
Distribution des résultats
% des personnes avec chaque résultat
Percentile par nombre de réponses
Votre historique - résultats
Vous n’avez pas pris ce quiz